00273nam a2200121Ia 45000030006000000080041000060400015000471000021000622450019000832600020001025460012001220050017001340STCL150530s9999 xx 000 0 und d aSTCLcSTCL aHerbert Paul, W. aMatthew Arnold bMacmillanc1934 aEnglish20220125170855.0